| 000 | 00000nam 2200000za 4500 |
| 001 | 9.822186 |
| 003 | CaOODSP |
| 005 | 20250110091430 |
| 007 | cr ||||||||||| |
| 008 | 160808s2011 onc|||||o f|0| 0 ind d |
| 040 | |aCaOODSP|beng |
| 043 | |an-cn--- |
| 086 | 1 |aA15-11511/2011Ind-PDF|zA15-11511/2011Id-PDF |
| 245 | 01|a[Canadian beef |h[electronic resource] : |bnaturally the best]. |
| 246 | 13|aDaging Sapi Kanada : |bTentu saja yang terbaik |
| 250 | |a[Indonesian edition]. |
| 260 | |a[Ottawa : |bAgriculture and Agri-Food Canada, |cc2011]. |
| 300 | |a2 p. : |bphotographs. |
| 500 | |aEnglish title supplied by the publisher. |
| 500 | |aIssued also in English under title: Canadian beef: naturally the best. |
| 500 | |aIssued also in Japanese, Spanish, Korean, Chinese, German, Russian, and French. |
| 520 | |aWhat makes Canada one of the world’s best beef producers? It’s simple: Canada starts with the finest livestock, raised in a clean, natural environment and nourished with feed that produces the best beef available. Canadian ranchers and farmers are conscientious stewards of the land and ensure that their animals are well cared for. ... |
| 546 | |aText in Indonesian. |
| 692 | 07|2gccst|aAgri-food industry |
| 693 | 4|aBeef |
| 710 | 1 |aCanada. |bAgriculture and Agri-Food Canada. |
| 775 | 08|tCanadian beef : |w(CaOODSP)9.695107 |
| 792 | |t[Le boeuf canadien |efre|w(CaOODSP)9.822187 |
| 856 | 40|qPDF|s359 KB|uhttps://publications.gc.ca/collections/collection_2016/aac-aafc/A15-11511-2011-ind.pdf |
| 986 | |aAAFC No. 11511IND |